000 00553nam a2200169 a 4500
005 20140412111312.0
008 010423s19uu xx 00 eng d
020 _a0-517-10223-4
050 _aM 910.92
_bS698 1994
100 _aSonghurst, Hazel
245 _aExplorers :
_bfacts, fun, things to make and do /
_cwritten by Hazel Songhurst ; devised by Robin Wright; illustrated by Rachael O' Neill.
260 _aNew Jersey :
_bDerrydale Books,
_c1994.
300 _a28p. ; ill.
440 _aMake and Play
650 _aExperiments
999 _c104075
_d104075